000 01832 am a22004213u 4500
999 _c637
_d637
001 007016018
003 Uk
005 20190904161816.0
008 730203r19731968enk || 000 1|eng
015 _aGB7303760
_2bnb
020 _a9780751573756
040 _aUk
_cUk
082 _aFIC CLA
100 1 _aClarke, Arthur C.
_q(Arthur Charles),
_d1917-2008.
245 1 0 _a2001:
_ba space odyssey /
_cby Arthur C. Clarke ; based on the screenplay by Arthur C. Clarke & Stanley Kubrick.
246 _aTwo thousand and one :
_ba space odyssey /
250 _a50th Anniversary Edition
260 _aLondon :
_bOrbit,
_c2018.
300 _a224 p. ;
_c21 cm.
336 _atext
_2rdacontent
337 _aunmediated
_2rdamedia
338 _avolume
_2rdacarrier
500 _aOriginally published: 1968.
520 _aWritten when landing on the moon was still a dream, and made into one of the most influential films of all time, 2001: A SPACE ODYSSEY remains a classic work of science fiction fifty years after its original publication. The discovery of a black monolith on the moon leads to a manned expedition deep into the solar system, in the hope of establishing contact with an alien intelligence. Yet long before the crew can reach their destination, the voyage descends into disaster
650 _aTwenty-first century
_vFiction.
650 _aSpace ships
_vFiction.
650 _aInterplanetary voyages
_vFiction.
650 _aLife on other planets
_vFiction.
650 _aHuman-computer interaction
_vFiction.
650 _aSpace vehicles
_vFiction.
650 _aComputers
_vFiction.
650 _aSpace flight
_vFiction.
650 _aUniverse
_vFiction.
653 _aFiction in English, 1900-
_aTexts
700 1 _aKubrick, Stanley.
942 _2ddc
_cFIC